000 00685cam a2200169 4500
001 WS114780
008 010921n 000 0 eng u
035 _a(Sirsi) u114780
110 _aNational Federation of Demolition Contractors
_91975
245 _aNational Federation of Demolition Contractors
520 _aWeb site for this organisation for demolition and dismantling contractors inlcuding guidance for property and site owners, details of publications and training.
650 _aORGANISATION
650 _aDEMOLITION
690 _aBUILT ENVIRONMENT
856 4 0 _uhttps://www.demolition-nfdc.com
_zView the website free of charge at www.demolition-nfdc.com...
942 _n0
999 _c119914
_d119914